Advances in agent-based complex automated negotiations (Record no. 32896)

000 -LEADER
fixed length control field 01690cam a2200445Ia 4500
001 - CONTROL NUMBER
control field 7915274
003 - CONTROL NUMBER IDENTIFIER
control field OSt
005 - DATE AND TIME OF LATEST TRANSACTION
control field 20210827114723.0
006 - FIXED-LENGTH DATA ELEMENTS--ADDITIONAL MATERIAL CHARACTERISTICS
fixed length control field m d
007 - PHYSICAL DESCRIPTION FIXED FIELD--GENERAL INFORMATION
fixed length control field cr n
008 - FIXED-LENGTH DATA ELEMENTS--GENERAL INFORMATION
fixed length control field 090618s2009 gw a sb 001 0 eng d
020 ## - INTERNATIONAL STANDARD BOOK NUMBER
International Standard Book Number 9783642260322
035 ## - SYSTEM CONTROL NUMBER
System control number (WaSeSS)ssj0000315760
038 ## - RECORD CONTENT LICENSOR
Staff Name khadija
040 ## - CATALOGING SOURCE
Original cataloging agency CaPaEBR
Transcribing agency CaPaEBR
Modifying agency WaSeSS
050 #4 - LIBRARY OF CONGRESS CALL NUMBER
Classification number QA76.76.I58
Item number A38 2009eb
082 ## - DEWEY DECIMAL CLASSIFICATION NUMBER
Classification number 006.3
Author Mark ADV
100 ## - MAIN ENTRY--PERSONAL NAME
Personal name Robu, Valentin.
9 (RLIN) 81779
210 10 - ABBREVIATED TITLE
Abbreviated title Advances in agent-based complex automated negotiations
245 00 - TITLE STATEMENT
Title Advances in agent-based complex automated negotiations
Statement of responsibility, etc. Tatayuki Ito, Minjie Zhang, Valentin Robu, Shaheen Fatima, and Tokuro Matsuo (eds.).
260 ## - PUBLICATION, DISTRIBUTION, ETC.
Place of publication, distribution, etc. Berlin ;
-- Heidelberg :
Name of publisher, distributor, etc. Springer-Verlag,
Date of publication, distribution, etc. c2009.
490 1# - SERIES STATEMENT
Series statement Studies in computational intelligence ;
Volume/sequential designation 233
504 ## - BIBLIOGRAPHY, ETC. NOTE
Bibliography, etc. note Includes bibliographical references and index.
506 ## - RESTRICTIONS ON ACCESS NOTE
Terms governing access License restrictions may limit access.
563 ## - BINDING INFORMATION
Binding note paperback
650 #0 - SUBJECT ADDED ENTRY--TOPICAL TERM
Topical term or geographic name entry element Intelligent agents (Computer software)
9 (RLIN) 18523
650 #0 - SUBJECT ADDED ENTRY--TOPICAL TERM
Topical term or geographic name entry element Computational intelligence.
9 (RLIN) 81264
655 #7 - INDEX TERM--GENRE/FORM
Genre/form data or focus term Electronic books.
Source of term local
9 (RLIN) 621
700 1# - ADDED ENTRY--PERSONAL NAME
Personal name Ito, Tatayuki.
9 (RLIN) 81780
700 1# - ADDED ENTRY--PERSONAL NAME
Personal name Zhang, Minjie.
9 (RLIN) 81781
700 1# - ADDED ENTRY--PERSONAL NAME
Personal name Robu, Valentin.
9 (RLIN) 81779
700 1# - ADDED ENTRY--PERSONAL NAME
Personal name Fatima, Shaheen.
9 (RLIN) 81782
700 1# - ADDED ENTRY--PERSONAL NAME
Personal name Matsuo, Tokuro.
9 (RLIN) 81783
710 2# - ADDED ENTRY--CORPORATE NAME
Corporate name or jurisdiction name as entry element ebrary, Inc.
9 (RLIN) 622
773 #0 - HOST ITEM ENTRY
Title SpringerLink ebooks - Engineering (2009)
830 #0 - SERIES ADDED ENTRY--UNIFORM TITLE
Uniform title Studies in computational intelligence ;
Volume/sequential designation 233.
9 (RLIN) 81268
856 40 - ELECTRONIC LOCATION AND ACCESS
Uniform Resource Identifier <a href="http://www.columbia.edu/cgi-bin/cul/resolve?clio7915274">http://www.columbia.edu/cgi-bin/cul/resolve?clio7915274</a>
Public note Full text available from SpringerLink ebooks - Engineering (2009)
910 ## - USER-OPTION DATA (OCLC)
User-option data Vendor-generated brief record
942 ## - ADDED ENTRY ELEMENTS (KOHA)
Source of classification or shelving scheme
Koha item type Book
Holdings
Withdrawn status Lost status Source of classification or shelving scheme Damaged status Not for loan Permanent Location Current Location Shelving location Date acquired Full call number Barcode Date last seen Price effective from Koha item type Public note
          School of Mechanical & Manufacturing Engineering (SMME) School of Mechanical & Manufacturing Engineering (SMME) General Stacks 12/09/2015 006.3 ADV SMME-1841 03/29/2018 12/09/2015 Book Rack,51-Shelf,4
© 2023 Central Library, National University of Sciences and Technology. All Rights Reserved.